|
|
|
|
| LEADER |
00000cac a2200000 i 4500 |
| 003 |
Ucuenca |
| 005 |
20230308174950.0 |
| 006 |
a||||fr|||| 001 | |
| 007 |
ta |
| 008 |
000000s1974 sp aaaafr|||| 001|| spa|a |
| 999 |
|
|
|c 48374
|d 48374
|
| 040 |
|
|
|b spa
|a UCuenca-cdrjbv
|c UCuenca
|e rda
|
| 041 |
1 |
|
|a spa
|
| 082 |
0 |
|
|a 636.089 1
|2 22
|c 254214
|
| 100 |
1 |
|
|a Frandson, R.D.
|9 70760
|
| 245 |
|
|
|a Anatomía y fisiología de los animales domésticos
|c R. D. Frandson, Vicente Agut Armer, traductor
|
| 250 |
|
|
|a 2a ed.
|
| 264 |
|
|
|a México
|b Interamericana
|c 1974
|
| 300 |
|
|
|a 461 páginas:
|b ilu
|c 25.5 cm
|
| 336 |
|
|
|2 rdacontent
|a texto
|b txt
|
| 337 |
|
|
|2 rdamedia
|a no mediado
|b n
|
| 338 |
|
|
|2 rdacarrier
|a volumen
|b nc
|
| 504 |
|
|
|a incl. ref.
|
| 505 |
1 |
|
|a Introducción a la anatomía y fisiología.-- Embriología.-- Estructura de la célula.-- Fisiología de la célula.-- Anatomía del sistema nevioso.-- Fisiología del sistema nervioso.-- Órganos de los sentidos.-- Sistema esquelético.-- Histología y fisiología de los huesos.-- Las articulaciones.-- Sistema muscular.-- Histología y fisiología del musculo.-- La sangre y otros líquidos de los organismos.-- Sistema circulatorio.-- Fisiología de la circulación.-- Aparato respiratorio.-- Aparato digestivo.-- Los alimentos.--
|
| 650 |
|
0 |
|a Anatomía
|9 4548
|
| 650 |
|
0 |
|a Animales domésticos
|9 70979
|
| 650 |
|
0 |
|a Animales domésticos
|9 70979
|
| 653 |
|
|
|a MEDICINA VETERINARIA
|
| 852 |
|
|
|a UC-YANUNCAY
|f Compra
|k gsegarra
|l 1
|m General
|p 00000000
|q 5,00
|r 2
|t 66a
|v agro
|w Medicina Veterinaria y Zootecnia
|b 0
|d CDRY
|e CDRY
|g 636.089 1 SALA 1 AGROPECUARIAS
|z 0000-00-00
|
| 942 |
|
|
|c BK
|z diana.leon@ucuenca.edu.ec
|0 23
|2 ddc
|